Erich fromm and global public sociology (Record no. 1269235)

MARC details
000 -LEADER
fixed length control field 01032nam a2200229 4500
005 - DATE AND TIME OF LATEST TRANSACTION
control field 20250325120055.0
008 - FIXED-LENGTH DATA ELEMENTS--GENERAL INFORMATION
fixed length control field 250325b |||||||| |||| 00| 0 eng d
020 ## - INTERNATIONAL STANDARD BOOK NUMBER
International Standard Book Number 9781529214598
037 ## - SOURCE OF ACQUISITION
Terms of availability Textual
040 ## - CATALOGING SOURCE
Original cataloging agency RTL
Transcribing agency RTL
084 ## - COLON CLASSIFICATION NUMBER
Classification number R39(Y)xN00 R3
Assigning agency RTL
100 ## - MAIN ENTRY--PERSONAL NAME
Personal name Mclaughlin, Neil
9 (RLIN) 747501
245 ## - TITLE STATEMENT
Title Erich fromm and global public sociology
260 ## - PUBLICATION, DISTRIBUTION, ETC.
Place of publication, distribution, etc. UK
Name of publisher, distributor, etc. Bristol university press
Date of publication, distribution, etc. 2023
300 ## - PHYSICAL DESCRIPTION
Extent xiv, 296p.
Other physical details Includes notes, references and index
490 ## - SERIES STATEMENT
Series statement Public sociology
520 ## - SUMMARY, ETC.
Summary, etc. As the rise of global right-wing populism and Trumpism creates new interest in psycho-social writing and popular sociology, this timely book tells the story of the rise, fall and contemporary revival of the theories of Erich Fromm, a 1930s influential and creative public intellectual.
650 ## - SUBJECT ADDED ENTRY--TOPICAL TERM
Topical term or geographic name entry element Sociology: General Interest
9 (RLIN) 747502
650 ## - SUBJECT ADDED ENTRY--TOPICAL TERM
Topical term or geographic name entry element Sociology
9 (RLIN) 747503
650 ## - SUBJECT ADDED ENTRY--TOPICAL TERM
Topical term or geographic name entry element History of the Social and Behavioral Sciences
9 (RLIN) 747504
942 ## - ADDED ENTRY ELEMENTS (KOHA)
Source of classification or shelving scheme Colon Classification (CC)
Suppress in OPAC No
Koha item type Textbook
Classification part R39(Y)xN00 R3
Holdings
Withdrawn status Lost status Source of classification or shelving scheme Damaged status Not for loan Home library Current library Date acquired Total Checkouts Full call number Barcode Date last seen Price effective from Koha item type
    Colon Classification (CC)     Ratan Tata Library Ratan Tata Library 2025-03-25   R39(Y)xN00 R3 RT1528440 2025-09-05 2025-03-25 Textbook
Copyright @ Delhi University Library System